000 00612cam a2200181 a 4500
001 000004225
005 20200929151420.0
008 840302s1964 mx 001 e spa
040 _aDO-SdBNP
_bspa
_cBNPHU
082 _a814.54
_bP584p
100 1 _aPiazza, Luis Guillermo
_912483
245 1 3 _aEl país más viejo del mundo :
_bensayo de interpretación de la experiencia norteamericana /
_cLuis Guillermo Piazza.
260 _aMéxico :
_bJoaquín Mortiz,
_c1964.
300 _a228 p. ;
_c18 cm.
440 0 _aVolador
_912484
650 4 _aEnsayos estadounidense
_912485
650 4 _aLiteratura estadounidense
_9263
999 _c4039
_d4039